TOTS FIFA 22 - Série A - Statistiques

Statistiques générales
  • Ce quiz a été pris 956 fois
  • Le résultat moyen est 11 sur 15
Statistiques - réponses
Hint Réponse % Correct
Gardien - AC Milan Mike Maignan
99%
Défenseur Gauche - AC Milan Théo Hernandez
97%
Ailier Gauche - AC Milan Rafael Leao
86%
Buteur - Lazio Rome Ciro Immobile
84%
Buteur - Juventus Turin Dusan Vlahovic
80%
Défenseur Central - Naples Kalidou Koulibaly
79%
Défenseur Droit - Juventus Turin Juan Cuadrado
73%
Défenseur Central - Inter Milan Milan Skriniar
73%
Milieu Défensif Central - AC Milan Sandro Tonali
70%
Avant Centre - Juventus Turin Paulo Dybala
69%
Ailier Droit - Sassuolo Domenico Berardi
68%
Milieu Défensif Central - Inter Milan Marcelo Brozovic
63%
Milieu Central - Lazio Rome Sergej Milinkovic-Savic
62%
Défenseur Central - Torino Bremer
59%
Milieu Central - Inter Milan Hakan Calhanoglu
39%
Aucun quiz correspondant
Distribution des résultats
% des personnes avec chaque résultat
Percentile par nombre de réponses
Votre historique - résultats
Vous n’avez pas pris ce quiz